000 02654nam0a2200421 4500
001 RU\NLR\bibl\337689
005 20260407025454.0
010 _a5-09-011543-5
_91000
021 _aRU
_b2002-41233
_92004
035 _a(NLR Aleph) 000332603
090 _a166439
_c166439
100 _a20021110d2002 |||y0rusy50 ca
101 0 _arus
102 _aRU
105 _ay |||||||||
200 1 _aСоциально-реабилитационный центр для несовершеннолетних : содержание и организация деятельности
_eПособие для сотрудников центров
_fМ-во труда и соц. развития Рос. Федерации, Департамент по делам детей, женщин и семьи, Рос. фонд соц. реформ
_g[Г. М. Иващенко и др.]
210 _aМ.
_cПросвещение
_d2002
215 _a239 с.
_d21
309 _aНа тит. л.: Президент. программа "Дети России", Федер. целевая программа "Профилактика безнадзорности и правонарушений несовершеннолетних"
320 _aБиблиогр. в конце гл.
606 0 _a"Трудные дети"
_jРуководства, пособия и т.п.
_xРеабилитация социальная
_92251025
_3RU\NLR\auth\661350211
606 0 _a"Трудные дети"
_jУчебные издания
_xРеабилитация социальная
_92251025
_3RU\NLR\auth\661350211
606 0 _aДети
_jРуководства, пособия и т.п.
_xСоциальная опека
_92149450
_3RU\NLR\auth\661294586
606 0 _aДети
_jУчебные издания
_xСоциальная опека
_92149450
_3RU\NLR\auth\661294586
610 0 _aСоциально-реабилитационные центры для несовершеннолетних - Методика работы
675 _a364-053.6
_v3
_zrus
686 _a10.67
_2rugasnti
686 _a65.272
_2rubbk
686 _aС550.325.2я7
686 _aС550.511я7
702 1 _aИващенко
_bГ. М.
_gГалина Михайловна
_4220
712 0 1 _4570
_aРоссийская Федерация
_bМинистерство труда и социального развития
_bДепартамент по делам семьи, женщин и детей
_3RU\NLR\AUTH\8810011269
_9520245
801 0 _aRU
_bRKP
_c20021110
_gPSBO
801 1 _aRU
_bRKP
_c20021110
801 2 _aRU
_bNLR
_c20040512
_grcr
942 _cBOOK
980 _aNB